Franco est mort dans son lit / (Record no. 18377)

MARC details
000 -LEADER
campo de control de longitud fija 00867nam a2200265 i 4500
001 - NÚMERO DE CONTROL
campo de control 18377
003 - IDENTIFICADOR DE NÚMERO DE CONTROL
campo de control ES-MaACL
005 - FECHA Y HORA DE LA ÚLTIMA TRANSACCIÓN
campo de control 20250826063129.0
007 - CAMPO FIJO DE DESCRIPCIÓN FÍSICA--INFORMACIÓN GENERAL
campo de control de longitud fija t|
008 - DATOS DE LONGITUD FIJA--INFORMACIÓN GENERAL
campo de control de longitud fija 011212s1980 fr ||||1| fre d
020 ## - NÚMERO INTERNACIONAL ESTÁNDAR DEL LIBRO
Número Internacional Estándar del Libro 2-01-006853-X
080 ## - NÚMERO DE LA CLASIFICACIÓN DECIMAL UNIVERSAL
Número de la Clasificación Decimal Universal 929 Semprún Maura, Carlos
080 ## - NÚMERO DE LA CLASIFICACIÓN DECIMAL UNIVERSAL
Número de la Clasificación Decimal Universal 946"1939/75"(093.32)
100 1# - ENTRADA PRINCIPAL--NOMBRE DE PERSONA
Nombre de persona Semprún Maura, Carlos,
Fechas asociadas al nombre 1926-2009
9 (RLIN) 105423
245 10 - MENCIÓN DEL TÍTULO
Título Franco est mort dans son lit /
Mención de responsabilidad, etc. Carlos Semprun Maura.
260 ## - PUBLICACIÓN, DISTRIBUCIÓN, ETC.
Lugar de publicación, distribución, etc. [Paris] :
Nombre del editor, distribuidor, etc. Hachette,
Fecha de publicación, distribución, etc. 1980.
300 ## - DESCRIPCIÓN FÍSICA
Extensión 208 p. ;
Dimensiones 23 cm.
490 1# - MENCIÓN DE SERIE
Mención de serie Hachette Litterature
500 ## - NOTA GENERAL
Nota general Biblioteca Juan Andrade.
600 14 - PUNTO DE ACCESO ADICIONAL DE MATERIA--NOMBRE DE PERSONA
Nombre de persona Semprún Maura, Carlos,
Fechas asociadas al nombre 1926-2009
9 (RLIN) 105423
651 #4 - PUNTO DE ACCESO ADICIONAL DE MATERIA--NOMBRE GEOGRÁFICO
Nombre geográfico España-
Subdivisión general Historia-
Subdivisión cronológica 1939-1975, Dictadura-
Subdivisión de forma Relatos personales.
9 (RLIN) 137431
830 0# - PUNTO DE ACCESO ADICIONAL DE SERIE-TÍTULO UNIFORME
Título uniforme Hachette Litterature
9 (RLIN) 180437
852 ## - LOCALIZACIÓN
Ubicación ES-MaACL
Número de control de estantería AND-135
Sublocalización o colección R.109433
Holdings
Estatus retirado Estado de pérdida Estado de daño No para préstamo Biblioteca de origen Biblioteca actual Ubicación en estantería Fecha de adquisición Fuente de adquisición Total de préstamos Signatura topográfica completa Código de barras Visto por última vez Precio de reemplazo Tipo de ítem Koha
        Biblioteca del Ateneo de Madrid Biblioteca del Ateneo de Madrid Depósito 2 17/01/2008     AND-135 1018798 23/02/2023 23/02/2023 Libro impreso